Quizzes
Events
Quiz Creation
Community
Videos
Private Events
Remove Ads
Sign In
Join for FREE
Feedback
Dark Mode
Quiz Categories
Sports
Geography
Music
Movies
Television
Just For Fun
Miscellaneous
History
Literature
Language
Science
Gaming
Entertainment
Religion
Holiday
For Kids
Quiz Lab
Recent
Popular Today
Quiz Kudos Today
Editor Picks
Curator Picks
Quizzes by...
Day
Popularity
Type
Ratings
Length
Year
Community
Subscriptions
Recent Discussions
Orange Saloon
Badges
Playlists
Quests
Create
Leaderboards
Showdown
Live 5
Trivia Bingo
Activity
Puzzle Library
Sporcle Events
Private Events
Virtual Trivia
Globe League
Become a Host
Pub Owners
SporcleCon
Opinionation
Our Games
Videos
Blog
Mobile Apps
Partnerships
Remove Ads and Go Orange
Feedback
Sports
Athletes
MLB
NBA
NHL
NFL
Soccer
Sports Teams
WWE
NCAA
Football
Premier League
Basketball
Baseball
Hockey
Golf
Tennis
Cricket
Rugby
Auto Racing
Olympics
World Cup
Sports
Athletes
MLB
NBA
NHL
NFL
Soccer
Sports Teams
WWE
NCAA
Football
Premier League
Basketball
Baseball
Hockey
Golf
Tennis
Cricket
Rugby
Auto Racing
Olympics
World Cup
Random Quiz
Search Sporcle
×
Quiz Lab
Quiz Lab
Sports
NHL
Type in answers that appear in a list
Type in answers that appear in a list
Classic
Best Score? Go Orange.
Most Points In An NHL Season Stats
Can you name the Most Points In An NHL Season?
By
falkz
4m
52 Questions
529 Plays
529 Plays
529 Plays
Comments
Comments
Give Quiz Kudos
Give Quiz Kudos
-
- Ratings
hide this ad
Replay
Link that replays current quiz
Next Quiz
Link to next quiz in quiz playlist
You Got
0%
They Got
Avg Score
78%
Avg Friend Score
Upgrade to see
Score Distribution
Jump to the score distribution portion of the page
Score
0/52
Timer
04:00
0
Plays Today
Year
Player
% Correct
1985-
86
Wayne Gretzky
99.2%
1981-
82
Wayne Gretzky
99.2%
1984-
85
Wayne Gretzky
99.2%
1983-
84
Wayne Gretzky
99.2%
1982-
83
Wayne Gretzky
99.2%
1986-
87
Wayne Gretzky
99.2%
1988-
89
Wayne Gretzky
99.2%
1980-
81
Wayne Gretzky
99.2%
1990-
91
Wayne Gretzky
99.2%
1987-
88
Wayne Gretzky
99.2%
1989-
90
Wayne Gretzky
99.2%
1979-
80
Wayne Gretzky
99.2%
1993-
94
Wayne Gretzky
99.2%
1988-
89
Mario Lemieux
95.3%
1987-
88
Mario Lemieux
95.3%
1995-
96
Mario Lemieux
95.3%
1992-
93
Mario Lemieux
95.3%
1985-
86
Mario Lemieux
95.3%
1991-
92
Mario Lemieux
95.3%
1995-
96
Jaromir Jagr
89.2%
1989-
90
Mark Messier
85.8%
1970-
71
Bobby Orr
84.9%
1974-
75
Bobby Orr
84.9%
1988-
89
Steve Yzerman
82.6%
1992-
93
Steve Yzerman
82.6%
1970-
71
Phil Esposito
79%
Year
Player
% Correct
1973-
74
Phil Esposito
79%
1971-
72
Phil Esposito
79%
1990-
91
Brett Hull
79%
1972-
73
Phil Esposito
79%
1981-
82
Mike Bossy
75.6%
1984-
85
Jari Kurri
75.6%
1985-
86
Jari Kurri
75.6%
1976-
77
Guy Lafleur
73.2%
1977-
78
Guy Lafleur
73.2%
1978-
79
Guy Lafleur
73.2%
1979-
80
Marcel Dionne
71.3%
1980-
81
Marcel Dionne
71.3%
1978-
79
Marcel Dionne
71.3%
1978-
79
Brian Trottier
67.5%
1992-
93
Teemu Selanne
66.4%
1985-
86
Paul Coffey
65.8%
1992-
93
Adam Oates
57.3%
1981-
82
Brian Trottier
56.1%
1992-
93
Pat LaFontaine
54.8%
1988-
89
Bernie Nicholls
52%
1984-
85
Dale Hawerchuk
47.8%
1981-
82
Peter Stastny
40.8%
1992-
93
Pierre Turgeon
38.4%
1987-
88
Denis Savard
38.2%
1981-
82
Dennis Maruk
28%
1980-
81
Kent Nilsson
26.3%
Quiz Playlist
Details
Report
Send in Message
Add To Playlist
Classic:
Type in answers that appear in a list
Last Updated: Feb 16, 2017
Quiz Scoreboard
CHALLENGE
Sign Up to Join the Scoreboard
Show All
Scores
Hide
Comments
May contain spoilers
Recently Published
One Thing in Common: World Cities II
by knightlancer
Geography
7m
Popular People in 1961
by mucciniale
History
6m
1-10 Letter E Words III
by El_Dandy
Language
2m
More to Explore
Quiz From the Vault
Featured Blog Post
Where Did the Easter Bunny Come From?
hide this ad
You Might Also Like...
Tags
NHL Quiz
Most Points
Player
point
season
Today's Top Quizzes in Sports
Browse Sports
hide this ad
Today's Top Quizzes in NHL
Browse NHL
Top Contributed Quizzes in Sports
1
Les meilleurs buteurs des matchs entre le PSG et l’OM
2
Les entraîneurs de l'OM et du PSG au 21e siècle
3
FIFA Club World Cup Champions
4
2022 World Cup Stars
5
Name the Premier League winners with different clubs
6
La finale Lions - Afrique du Sud 2021
7
Criteria MLB: Left Handed Sluggers
8
Players with Multiple 50 Home Run Seasons
9
MLB Players with Two .350 Batting Average Seasons
10
MLB Hall of Famer by Rings
Explore More
Trending Topics
Marvel
NBA
Anime
Kpop
Crossword
Harry Potter
Disney
Song
NFL
Pokémon
WWE
Country
Soccer
The Office
Puzzle
hide this ad
More By:
falkz
Quiz
Plays
Rating
Category
Featured
Created
NHL 50 Goal Scorers Since 2000
1,580
3.80
Sports
Nov 19, 2009
2000 NFL Draft First Round
975
3.33
Sports
Dec 20, 2009
South Park Characters
719
1.67
Television
Nov 18, 2009
New York Sports Champions Since 1905
601
1.75
Sports
Nov 18, 2009
Most Points In An NHL Season
529
5.00
Sports
Nov 19, 2009
Go to Creator's Profile
Score Distribution
Quiz Creator Spotlight
falkz
Follow
Send a Message
Quizzes Created
-
Created Quiz Play Count
-
More By This Creator
Popular Quizzes Today
1
Find the US States - No Outlines Minefield
2
Find the Countries of Europe - No Outlines Minefield
3
The Countries of the World
4
Popular People in 1961
5
1-10 Letter E Words III
6
Find the US States
7
One Thing in Common: World Cities II
8
US States
More Sports Quizzes
Obscure Knowledge - English Football Champions
Published
Trending Quizzes
Risky Map Clicking: Least Populous States A-Z
1-10 Letter F Words
1-10 Letter G Words
One Thing in Common: United Kingdom
Risky Map Clicking: Biggest States A-Z
Recently Updated
Leaping Animals
pecheneg
Reality TV Shows (A-Z)
bhenderson79
Rickey Henderson's Hall of Fame Teammates
pecheneg
Champions League XIs: Arsenal
pecheneg
Quick Pick: Celebrities in WWE's Hall of Fame
aduchscher
A-Z Keypad Blitz II
pecheneg
Multiple Oscar Actors
pecheneg
Mystery Phrase Blitz: Oscar 'Best Actors'
pecheneg
F. Scott Fitzgerald Novels
LTH
Pick 3 Villains
ddd62291
Trending Topics
Harry Potter
Disney
Kpop
Anime
Marvel
NBA
Crossword
WWE
Pokémon
The Office
Puzzle
NFL
Soccer
Country
Song
Your Account Isn't Verified!
In order to create a playlist on Sporcle, you need to verify the email address you used during registration. Go to your
Sporcle Settings
to finish the process.
Report this User
Report this user for behavior that violates our
Community Guidelines
.
Details:
Send Report
Go to the Sporcle.com Mobile Site →
Comments